Statistics for Countries That Have Controlled Egypt

Click here to take the quiz!

General Stats

  • This quiz has been taken 293 times
  • The average score is 13 of 17

Answer Stats

YearsCountry% Correct
1883-1926British Empire
94%
1170-1286Ayyubid Sultanate
91%
1926-PresentEgypt
91%
870-908Egypt
91%
1286-1517Mamluk Sultanate
91%
1801-1883Ottoman Empire
90%
1517-1798Ottoman Empire
90%
BC-395Roman Empire
88%
1798-1801France
82%
751-870Abbasid Caliphate
63%
908-969Abbasid Caliphate
63%
662-751Umayyad Caliphate
62%
395-609Byzantine Empire
58%
628-644Byzantine Empire
58%
644-662Rashidun Caliphate
57%
609-628Sassanian Empire
55%
969-1170Fatamid Caliphate
50%

Score Distribution

Percentile by Number Answered

Percent of People with Each Score

Your Score History

You have not taken this quiz